000 00421nam a2200169Ia 4500
005 20240823043148.0
008 240823s9999||||xx |||||||||||||| ||und||
041 _aENGLISH
082 _A519 P1
100 _aSingaravelu A.
245 0 _aEngineering Mathematics
250 _a1st
260 _c2001
_b"Meenakshi,Tamil Nadu"
500 _aTRANSFERED
650 _aEngineering Mathematics
_bMathematics
942 _cBK
999 _c209583
_d209583